000 00471nmm a2200157Ia 4500
008 251105s9999||||xx |||||||||||||||||und||
020 _a9788431527242
041 _aspa
100 _aPoggi, Francesco
245 0 _aObras de albañilería
264 _a[Madrid, España] :
_bDe Vecchi,
_c[Fecha de publicación no identificada]
300 _a0 páginas
650 _aNorth American narrative
856 _uhttps://public.digitaliapublishing.com/a/121382
942 _cCF
999 _c81132
_d81132